| 000 | 00440nam a2200169Ia 4500 | ||
|---|---|---|---|
| 008 | 210210b1982 xxu||||| |||| 00| 0 eng d | ||
| 020 | _a047186840X | ||
| 082 | _a581 WEIB | ||
| 100 | _aWEIER (T Elliot) and others. | ||
| 245 | _aBotany: ans introduction to plant biology. Ed 6. | ||
| 250 | _a | ||
| 260 |
_aNew York _bJohn Wiley and Sons _c1982 |
||
| 300 | _axii,720 | ||
| 650 | _aPlant Biology | ||
| 690 | _aBotany | ||
| 906 | _a045909 | ||
| 999 |
_c95513 _d95513 |
||